| 000 | 01482nam a2200361 c 4500 | ||
|---|---|---|---|
| 999 |
_c381817 _d381817 |
||
| 003 | BLK | ||
| 005 | 20221208031019.0 | ||
| 008 | 180410b bul|||||r ||||||| ||bul|| | ||
| 010 | _aKNG00173415000 | ||
| 020 | _a9789543001897 | ||
| 040 | _aBLK | ||
| 041 |
_aBUL _cBUL |
||
| 072 | 7 |
_2bullib _aН50 _xЕстествени науки. Математика и др. Н |
|
| 080 |
_aОбща генетика. Обща цитогенетика. Имуногенетика. Учение за еволюцията. Видообразуване. Филогенез _b575 _x(076)(075.8) _z575(076)(075.8) |
||
| 100 |
_aГенова, Гинка Колева _eпърви автор _9379363 |
||
| 139 |
_aГенова, Гинка Колева и др. _bГ 31 |
||
| 245 | 1 | 0 |
_aГенетика _cГинка Генова, Меглена Китанова, Олга Кръстанова, науч. ред. Гинка Генова. |
| 257 | _aBGR | ||
| 260 |
_bГея-Либрис _9209513 _aСофия _c2019 |
||
| 300 |
_a580 с. _bс цв. ил., сх., табл. _c25 см |
||
| 380 | _a5 | ||
| 650 | 4 |
_aГенетика - учебници за ВУЗ _9254428 |
|
| 653 | _aгенетика | ||
| 700 |
_aКитанова, Меглена _eсъавт. _91445 |
||
| 700 |
_aКръстанова, Олга _eсъавт. _91445 |
||
| 856 | 4 | _qpdf | |
| 942 |
_cKNG _n0 _s1 _03 |
||
| 944 |
_aCR _c2020-08-12 _kВР |
||
| 999 | _d381817 | ||
| 999 | _d381817 | ||